|
|
|
|
| LEADER |
01364pam a22004218a 4500 |
| 001 |
00035581 |
| 005 |
20171026081023.0 |
| 008 |
161213s2015 ||||||Viesd |
| 020 |
# |
# |
|c 617000
|a 9786045714423
|
| 041 |
0 |
# |
|a Vie
|
| 082 |
1 |
4 |
|a 959.704 332 2
|b CH513M
|
| 245 |
0 |
0 |
|a Chung một bóng cờ
|b Về Mặt trận Dân tộc Giải phóng miền Nam Việt Nam
|c Trần Bạch Đằng (ch.b); Ung ngọc Ky, Hồ Xuân Sơn,.. [và những người khác]
|
| 250 |
# |
# |
|a Xuất bản lần thứ ba
|
| 260 |
# |
# |
|c 2015
|a Hà Nội
|b Chính trị Quốc gia
|
| 300 |
# |
# |
|a 1232 tr.
|c 27 cm.
|
| 504 |
# |
# |
|a Thư mục: tr. 1199-1220
|
| 653 |
# |
# |
|a Kháng chiến
|
| 653 |
# |
# |
|a Chống Mỹ
|
| 653 |
# |
# |
|a Lịch sử
|
| 653 |
# |
# |
|a Việt Nam
|
| 653 |
# |
# |
|a Miền Nam
|
| 700 |
1 |
# |
|a Bùi, Công Đặng
|
| 700 |
1 |
# |
|a Dương, Minh Hồ
|
| 700 |
1 |
# |
|a Hồ, Xuân Sơn
|
| 700 |
1 |
# |
|a Nguyễn, Trọng Xuất
|
| 700 |
1 |
# |
|a Trần, Bạch Đằng
|e Chủ biên
|
| 700 |
1 |
# |
|a Tô, Lâm
|
| 700 |
1 |
# |
|a Ung, Ngọc Ky
|
| 852 |
# |
# |
|j KD.0019115
|
| 852 |
# |
# |
|b Kho đọc
|j KD.0019115
|
| 910 |
|
|
|d 13/12/2016
|
| 980 |
# |
# |
|a Trung tâm Học liệu Lê Vũ Hùng, Trường Đại học Đồng Tháp
|